[Event "Fouesnant op 15th"]
[Site "Fouesnant"]
[Date "2009.10.30"]
[Round "8"]
[White "Fournel, Didier"]
[Black "Ollivier, Alain"]
[Result "0-1"]
[WhiteElo "1733"]
[BlackElo "1510"]
[PlyCount "56"]
[EventDate "2009.10.26"]
[EventType "swiss"]
[EventRounds "9"]
[EventCountry "FRA"]
[SourceTitle "EXT 2010"]
[Source "ChessBase"]
[SourceDate "2010.11.25"]
[SourceVersion "1"]
[SourceVersionDate "2010.11.25"]
[SourceQuality "1"]

1. d4 d5 2. c4 Bf5 3. cxd5 Bxb1 4. Qa4+ c6 5. Rxb1 Qxd5 6. Nf3 Nd7 7. a3 e5 8. dxe5 Nxe5 9. Nxe5 Qxe5 10. Qb3 0-0-0 11. Bd2 Qf5 12. Rd1 Bc5 13. e3 Nf6 14. f3 Rhe8 15. Be2 Qg5 16. 0-0 Nd5 17. Bc1 Nf4 18. Rxd8+ Rxd8 19. Rf2 Nh3+ 20. Kf1 Nxf2 21. Kxf2 Qh4+ 22. Kf1 Qxh2 23. Qc4 Bd6 24. Qg4+ Kb8 25. Kf2 h5 26. Qg5 f6 27. Qxg7 h4 28. Qxf6 Bg3+ 0-1

[Event "Fouesnant op 15th"]
[Site "Fouesnant"]
[Date "2009.10.27"]
[Round "5"]
[White "Picart, Laurent"]
[Black "Fournel, Didier"]
[Result "1-0"]
[WhiteElo "2170"]
[BlackElo "1733"]
[PlyCount "107"]
[EventDate "2009.10.26"]
[EventType "swiss"]
[EventRounds "9"]
[EventCountry "FRA"]
[SourceTitle "EXT 2010"]
[Source "ChessBase"]
[SourceDate "2010.11.25"]
[SourceVersion "1"]
[SourceVersionDate "2010.11.25"]
[SourceQuality "1"]

1. d4 d5 2. c4 e6 3. Nc3 Nf6 4. Bg5 Be7 5. e3 0-0 6. Nf3 h6 7. Bh4 b6 8. cxd5 exd5 9. Bd3 Bb7 10. 0-0 Nbd7 11. Rc1 c6 12. Qe2 Re8 13. Ba6 Qc8 14. Bxb7 Qxb7 15. Rfd1 Rad8 16. Qc2 c5 17. dxc5 bxc5 18. b3 Nb6 19. a4 Nbd7 20. Bg3 Bf8 21. h3 a6 22. Rd2 c4 23. bxc4 dxc4 24. Rb1 Qc8 25. e4 Nc5 26. e5 Rxd2 27. Nxd2 Nfd7 28. Nxc4 Nb7 29. Qd3 Nbc5 30. Qd5 Re6 31. a5 Qc6 32. f4 Qxd5 33. Nxd5 Re8 34. Ndb6 Rb8 35. Rd1 Nxb6 36. Nxb6 Ne4 37. Kh2 Nxg3 38. Kxg3 Bb4 39. Nc4 Rb5 40. Rf1 Bxa5 41. Ra1 Rb3+ 42. Kg4 Bc3 43. Rxa6 Rb4 44. Ra8+ Kh7 45. Rc8 Ba1 46. g3 Bd4 47. Kf5 Rb3 48. Nd6 Rc3 49. Rxc3 Bxc3 50. Nxf7 Bb4 51. g4 Be7 52. Ke6 Bf8 53. Nd6 Kg8 54. f5 1-0

[Event "Bagnoles de l'Orne"]
[Site "Bagnoles de l'Orne"]
[Date "2009.06.01"]
[Round "6"]
[White "Groshenny, Claude"]
[Black "Fournel, Didier"]
[Result "1-0"]
[WhiteElo "1910"]
[BlackElo "1746"]
[PlyCount "35"]
[EventDate "2009.05.30"]
[EventType "swiss"]
[EventRounds "6"]
[EventCountry "FRA"]
[SourceTitle "CBM 130 Extra"]
[Source "ChessBase"]
[SourceDate "2009.07.02"]
[SourceVersion "2"]
[SourceVersionDate "2009.07.15"]
[SourceQuality "1"]

1. d4 d5 2. c4 e6 3. Nf3 Nf6 4. Nc3 Be7 5. Bf4 c6 6. e3 Nbd7 7. Bd3 Nh5 8. Bg3 Nhf6 9. b3 Nf8 10. 0-0 Ng6 11. Qc2 b6 12. Ne5 Bb7 13. f4 0-0 14. f5 exf5 15. Bxf5 Nxe5 16. dxe5 Ne4 17. Nxe4 dxe4 18. Rad1 1-0

[Event "Bagnoles de l'Orne"]
[Site "Bagnoles de l'Orne"]
[Date "2009.05.30"]
[Round "1"]
[White "Fournel, Didier"]
[Black "Navrotescu, Catalin"]
[Result "0-1"]
[WhiteElo "1746"]
[BlackElo "2436"]
[PlyCount "36"]
[EventDate "2009.05.30"]
[EventType "swiss"]
[EventRounds "6"]
[EventCountry "FRA"]
[SourceTitle "CBM 130 Extra"]
[Source "ChessBase"]
[SourceDate "2009.07.02"]
[SourceVersion "2"]
[SourceVersionDate "2009.07.15"]
[SourceQuality "1"]

1. d4 Nf6 2. c4 c5 3. dxc5 e6 4. Nc3 Bxc5 5. Nf3 0-0 6. e3 d5 7. Be2 Qe7 8. Qc2 Nc6 9. a3 dxc4 10. Bxc4 e5 11. 0-0 e4 12. Nd2 Bf5 13. b4 Bd6 14. Be2 Rad8 15. Bb2 Bxh2+ 16. Kh1 Bb8 17. Rad1 Ng4 18. Kg1 Qh4 0-1

[Event "Angers op 4th"]
[Site "Angers"]
[Date "2009.04.17"]
[Round "1"]
[White "Perez, Alexandre"]
[Black "Fournel, Didier"]
[Result "1-0"]
[WhiteElo "1916"]
[BlackElo "1746"]
[PlyCount "103"]
[EventDate "2009.04.17"]
[EventType "swiss"]
[EventRounds "6"]
[EventCountry "FRA"]
[SourceTitle "CBM 129 Extra"]
[Source "ChessBase"]
[SourceDate "2009.05.05"]
[SourceVersion "2"]
[SourceVersionDate "2009.05.20"]
[SourceQuality "1"]

1. d4 d5 2. g3 e6 3. Bg2 Nf6 4. Nf3 Be7 5. 0-0 0-0 6. c4 c6 7. Nc3 Nbd7 8. Qd3 b6 9. cxd5 cxd5 10. Bf4 Nh5 11. Bd2 Bb7 12. Rfc1 a6 13. a3 Nhf6 14. Bf4 Rc8 15. Na4 b5 16. Rxc8 Bxc8 17. Nc3 Nb6 18. Ne5 Bb7 19. b3 Bd6 20. Qd2 Qe7 21. Qb2 Rc8 22. Nd3 Bxf4 23. gxf4 Nfd7 24. e3 Qd6 25. Rc1 Qf8 26. Ne2 Qd8 27. Nc5 Rc7 28. Qd2 Qc8 29. Qc3 Ba8 30. Ng3 Bb7 31. Ne2 Ba8 32. Rc2 Bb7 33. Nc1 Nxc5 34. dxc5 Nd7 35. Nd3 Nb8 36. b4 Nc6 37. Ne5 Nxe5 38. Qxe5 Bc6 39. Rd2 Rd7 40. Bf1 Qd8 41. Qg5 Qe8 42. Bh3 h6 43. Qe5 Qd8 44. f3 Qe8 45. Rg2 g6 46. f5 g5 47. fxe6 fxe6 48. Bxe6+ Kf8 49. Qf6+ Rf7 50. Bxf7 Qxf7 51. Qxh6+ Ke7 52. Qd6+ 1-0

[Event "Ile et Vilaine-ch"]
[Site "Ile et Vilaine"]
[Date "2002.12.21"]
[Round "4"]
[White "Fournel, Didier"]
[Black "Castel, Efflam"]
[Result "1-0"]
[WhiteElo "1480"]
[BlackElo "1499"]
[PlyCount "93"]
[EventDate "2002.10.19"]
[EventType "swiss"]
[EventRounds "7"]
[EventCountry "FRA"]
[SourceTitle "EXT 2008"]
[Source "ChessBase"]
[SourceDate "2007.11.25"]
[SourceVersion "1"]
[SourceVersionDate "2007.11.25"]
[SourceQuality "1"]

1. d4 Nf6 2. c4 g6 3. Nc3 Bg7 4. e4 d6 5. f3 0-0 6. Be3 e5 7. Qd2 c6 8. Nge2 Na6 9. h4 h5 10. Nc1 Re8 11. Nb3 exd4 12. Bxd4 Be6 13. 0-0-0 Nc7 14. Qf4 d5 15. cxd5 cxd5 16. Bf2 Rc8 17. Kb1 Qe7 18. Bc5 Qd7 19. Bd4 Qe7 20. Bc5 Qd7 21. a4 b6 22. Bd6 dxe4 23. Bxc7 Qxc7 24. Qxc7 Rxc7 25. Nd2 exf3 26. Nxf3 Bg4 27. Bb5 Bxf3 28. gxf3 Re3 29. Rhf1 Rc5 30. Rd2 Rf5 31. Bc6 Rfe5 32. Rdd1 Nh7 33. Rd8+ Nf8 34. Rdd1 Ne6 35. Nd5 Re2 36. f4 Rxd5 37. Bxd5 Rxb2+ 38. Kc1 Nc5 39. Rf3 Nxa4 40. Bc6 Nc5 41. Bd5 Rh2 42. f5 Bh6+ 43. Kb1 g5 44. hxg5 Bf8 45. Bxf7+ Kh8 46. Rg1 Bg7 47. Bd5 1-0